000 00800nam a2200277 a 4500
003 AR-BaBNM
005 20251128210808.0
008 082120s2002 ||||||||||||||000 | spa||
020 _a950-04-2217-4
040 _cAR-BaBNM
245 0 0 _aLa Buenos Aires ajena
_btestimonios de extranjeros de 1536 hasta hoy
260 _aBuenos Aires
_bEmecé
_c2001
300 _a393 p.
_bil.
490 0 _aTestimonios y reportajes
504 _aContiene bibliografĂ­a de referencia para consultar
650 4 _aHISTORIA ARGENTINA
650 4 _aCOSTUMBRES
650 4 _aESTILOS DE VIDA
650 4 _aHISTORIA DE BUENOS AIRES
650 4 _aURBANISMO
651 4 _aBuenos Aires [Capital Federal]
653 _aVIAJEROS
700 1 _aFondebrider, Jorge
_ecompilador
942 _cBK
998 _cMariana
999 _c16947
_d16947